Reality Therapy: (Record no. 13144)
[ view plain ]
| 000 -LEADER | |
|---|---|
| fixed length control field | 00787cam a22002171 4500 |
| 001 - CONTROL NUMBER | |
| control field | 4532601 |
| 005 - DATE AND TIME OF LATEST TRANSACTION | |
| control field | 19810706000000.0 |
| 008 - FIXED-LENGTH DATA ELEMENTS--GENERAL INFORMATION | |
| fixed length control field | 711124s1975 nyu | 000 0 eng d |
| 010 ## - LIBRARY OF CONGRESS CONTROL NUMBER | |
| LC control number | 65014672 |
| 040 ## - CATALOGING SOURCE | |
| Original cataloging agency | DLC |
| Transcribing agency | DLC |
| Modifying agency | DLC |
| 050 00 - LIBRARY OF CONGRESS CALL NUMBER | |
| Classification number | RC480.5 |
| Item number | .G55 |
| 082 00 - DEWEY DECIMAL CLASSIFICATION NUMBER | |
| Classification number | 616.8914 |
| Edition number | 22 |
| Item number | GLA |
| 100 1# - MAIN ENTRY--PERSONAL NAME | |
| Personal name | Glasser, William, |
| Dates associated with a name | 1925- |
| 9 (RLIN) | 10395 |
| 245 10 - TITLE STATEMENT | |
| Title | Reality Therapy: |
| Remainder of title | A New Approach to Psychiatry/ |
| Statement of responsibility, etc | William Glasser; With a foreword by O. H. Mowrer. |
| 260 ## - PUBLICATION, DISTRIBUTION, ETC. (IMPRINT) | |
| Place of publication, distribution, etc | New York, |
| Name of publisher, distributor, etc | Harper & Row,[1975] |
| Date of publication, distribution, etc | [1975] |
| 300 ## - PHYSICAL DESCRIPTION | |
| Extent | xxii, 206 p.; |
| Dimensions | 22 cm. |
| 500 ## - GENERAL NOTE | |
| General note | Donated by: Alaa Abdel Ghany |
| 650 #0 - SUBJECT ADDED ENTRY--TOPICAL TERM | |
| Topical term or geographic name as entry element | Reality therapy. |
| 9 (RLIN) | 10396 |
| 942 ## - ADDED ENTRY ELEMENTS (KOHA) | |
| Source of classification or shelving scheme | Dewey Decimal Classification |
| Item type | Book - Borrowing |
| Withdrawn status | Item status | Source of classification or shelving scheme | Damaged status | Not for loan | Vendor | Home library | Current library | Shelving location | Date acquired | Source of acquisition | Total Checkouts | Total Renewals | Full call number | Barcode | Date last seen | Date last borrowed | Koha item type |
|---|---|---|---|---|---|---|---|---|---|---|---|---|---|---|---|---|---|
| Dewey Decimal Classification | Central Library | Central Library | First floor | 17/01/2010 | Donation | 1 | 8 | 616.8914 GLA | 000019454 | 15/07/2025 | 10/01/2017 | Book - Borrowing |